MARC

LEADER 00000nam0a2200000 4500
001 342429
005 20231102005442.0
035 |a (RuTPU)RU\TPU\book\371427 
090 |a 342429 
100 |a 20190222d1986 m y0rusy50 ca 
101 0 |a rus 
102 |a RU 
105 |a c z 000gy 
200 1 |a Стихи. Песни  |f М. Л. Матусовский 
210 |a Москва  |c Художественная литература  |d 1986 
215 |a 414 с.  |c портр. 
225 1 |a Библиотека советской поэзии 
606 1 |a Русская литература современная  |2 stltpush  |3 (RuTPU)RU\TPU\subj\26373  |9 50316 
610 1 |a художественная литература 
610 1 |a стихи 
610 1 |a песни 
675 |a Р2  |v 4 
700 1 |a Матусовский  |b М. Л.  |c русский поэт  |f 1915-1990  |g Михаил Львович  |2 stltpush  |3 (RuTPU)RU\TPU\pers\14798  |4 070  |9 4976 
801 1 |a RU  |b 63413507  |c 20190222 
801 2 |a RU  |b 63413507  |c 20201210  |g RCR 
942 |c BK